Intermediate Financial Management

Salvato in:
Dettagli Bibliografici
Autore principale: Brigham, Eugene F.
Altri autori: Gapenski, Louis C.
Natura: Libro
Lingua:inglese
Pubblicazione: Chicago Dryden Press 1990
Edizione:3. ed.
Soggetti:
Tags: Aggiungi Tag
Nessun Tag, puoi essere il primo ad aggiungerne!!

MARC

LEADER 00000nam a2200000 4500
001 c004814
005 20221206122509.4
020 |a 0-03-030552-7 
041 0 |a eng 
044 |a US 
245 1 0 |a Intermediate Financial Management  |c Eugene F. Brigham, Louis C. Gapenski 
250 |a 3. ed. 
264 1 |a Chicago  |b Dryden Press  |c 1990 
300 |a 923 s. 
610 2 0 |a manažment finančný 
610 2 0 |a kapitál 
610 2 0 |a analýza finančná 
610 2 0 |a plánovanie finančné 
610 2 0 |a financovanie 
100 1 |a Brigham, Eugene F. 
700 1 |a Gapenski, Louis C.